000 01909nam0a2200385 4500
001 RU\NLR\BIBL_A\022647705
005 20260428091634.0
010 _a978-5-7595-2186-0
_9500
021 _aRU
_bКН-П-25-054591
_9КН-П-25-5269
035 _a(NLR Aleph) 022647705
090 _a13699778
_c13699778
100 _a20251020d2025 u y0rusy50 ca
101 0 _arus
_amdf
102 _aRU
105 _aa z 000ay
181 0 _ai3
_baxxe
181 0 _ab2
_bxb2e
182 0 _an
200 1 _aСабан-богатырь
_eмордовская сказка-легенда
_fС. В. Аникин
_g[художник: В. И. Федюнин]
203 _aТекст
_aИзображение
_bвизуальные
_cнепосредственные
210 _aСаранск
_cМордовское книжное изд-во
_d2025
215 _a55 с
_cцв. ил.
_d25
300 _aТекст парал. рус., мордов. (мокшан.), мордов. (эрзян.)
330 _aАвтором мордовской сказки-легенды "Сабан-богатырь" является Степан Васильевич Аникин. Впервые она была напечатана на русском языке в 1908 году. В эту книгу вошла сказка-легенда на русском, мокшанском и эрзянском языках.
333 _a6+
686 0 _aШ9(2)3=Морд0-2
700 1 _7ca
_8rus
_aАникин
_bС. В.
_f1869-1919
_gСтепан Васильевич
_9163096
_3RU\NLR\AUTH\770163140
702 1 _aФедюнин
_bВ. И.
_f1948-
_gВиктор Иванович
_4440
852 _aNLR
_bОНЛ
_jМорд./4-290
942 _cBOOK
980 _aNB